[Event "TCh-CRO Gp1B"]
[Site "Sibenik CRO"]
[Date "2010.09.10"]
[Round "7"]
[White "Bogosavljevic,B"]
[Black "Nikcevic,N"]
[Result "1-0"]
[WhiteElo "2554"]
[BlackElo "2400"]
[EventDate "2010.09.04"]

1. Nf3 d5 2. c4 d4 3. b4 g6 4. Bb2 Bg7 5. g3 e5 6. d3 Ne7 7. Bg2 O-O 8. O-O
Nd7 9. Nbd2 Re8 10. Nb3 Nf5 11. a4 Nf6 12. a5 Rb8 13. Nfd2 h5 14. Nc5 h4
15. a6 b6 16. Nb7 Qe7 17. b5 hxg3 18. hxg3 Ng4 19. Nf3 Bh6 20. Bc1 Kg7 21.
Bxh6+ Nfxh6 22. Qc1 f6 23. c5 Be6 24. Qa3 Nf7 25. Rfc1 Rbc8 26. Nd2 Qf8 27.
cxb6 Qh8 28. Nf3 cxb6 29. Nd6 Nxd6 30. Qxd6 Rcd8 31. Rc7+ Kg8 32. Qb4 Bd5
33. Rac1 Qh6 34. Qd2 g5 35. Rxa7 Bxf3 36. exf3 Qh2+ 37. Kf1 Qh6 38. Qa2+
Kh8 39. Rcc7 1-0

[Event "TCh-CRO Gp1B"]
[Site "Sibenik CRO"]
[Date "2010.09.10"]
[Round "7"]
[White "Filipovic,Br"]
[Black "Medak,B"]
[Result "1-0"]
[WhiteElo "2390"]
[BlackElo "2346"]
[EventDate "2010.09.04"]

1. e4 d6 2. d4 Nf6 3. Nc3 g6 4. f4 Bg7 5. Nf3 c5 6. Bb5+ Bd7 7. Bxd7+ Nfxd7
8. d5 b5 9. Nxb5 Qa5+ 10. Nc3 Bxc3+ 11. bxc3 Qxc3+ 12. Bd2 Qc4 13. Qe2 Nb6
14. a4 Na6 15. a5 Qxe2+ 16. Kxe2 Nd7 17. Rhb1 Nf6 18. Bc3 O-O 19. Nd2 Rab8
20. Bxf6 exf6 21. Nc4 f5 22. Nxd6 fxe4 23. Nxe4 Nb4 24. c4 Nc2 25. Rxb8
Rxb8 26. Rc1 Re8 27. Rxc2 Rxe4+ 28. Kd3 Rd4+ 29. Kc3 Rd1 30. Rd2 Rc1+ 31.
Kb2 Rxc4 32. d6 Rb4+ 33. Kc3 Rb8 34. d7 1-0

[Event "TCh-CRO Gp1B"]
[Site "Sibenik CRO"]
[Date "2010.09.10"]
[Round "7"]
[White "Tomerlin,S"]
[Black "Vlaic,B"]
[Result "1/2-1/2"]
[WhiteElo "2300"]
[BlackElo "2288"]
[EventDate "2010.09.04"]

1. e4 e6 2. d3 c5 3. Nf3 Nc6 4. Nbd2 g6 5. g3 Bg7 6. Bg2 Nge7 7. O-O d6 8.
c3 O-O 9. Re1 e5 10. Nf1 h6 11. h4 Be6 12. h5 g5 13. N3h2 f5 14. Bh3 Qd7
15. Ne3 Rf7 16. g4 fxg4 17. Bxg4 Raf8 18. Bxe6 Qxe6 19. Qg4 Nd8 20. Qxe6
Nxe6 21. Neg4 Rc8 22. Kg2 Kh7 23. Nf1 Nf4+ 24. Bxf4 exf4 25. f3 Nc6 26. Re2
b5 27. Rc1 Rb8 28. Nd2 Rd7 29. Nf2 Kg8 30. Nb3 a5 31. d4 a4 32. d5 Ne5 33.
Nd2 b4 34. c4 Ra7 35. Nf1 Nd7 36. Ng4 Rd8 37. Nfh2 Kh7 38. Rce1 1/2-1/2

[Event "TCh-CRO Gp1B"]
[Site "Sibenik CRO"]
[Date "2010.09.10"]
[Round "7"]
[White "Grgurevic,B"]
[Black "Sasvari,Z"]
[Result "0-1"]
[WhiteElo "2219"]
[BlackElo "2225"]
[EventDate "2010.09.04"]

1. e4 c5 2. c3 Nf6 3. e5 Nd5 4. d4 e6 5. Nf3 d6 6. Be2 cxd4 7. cxd4 Nc6 8.
O-O dxe5 9. Nxe5 Nxe5 10. dxe5 Bd7 11. b3 Rc8 12. Bf3 Bc6 13. Ba3 Bxa3 14.
Nxa3 O-O 15. Nc4 Qg5 16. g3 Rfd8 17. h4 Qe7 18. Nd6 Rc7 19. Bxd5 Bxd5 20.
Rc1 Rxc1 21. Qxc1 f6 22. f4 Rf8 23. Qc3 Qd8 24. Qc5 h6 25. Rd1 fxe5 26.
fxe5 b6 27. Qc3 b5 28. Rd2 Qb6+ 29. Qd4 Qc6 30. Kh2 Rf1 31. Kh3 Qc1 32. Rf2
Rh1+ 33. Kg4 Qb1 34. h5 Qc1 35. Rf4 Rh2 36. Rf8+ Kxf8 0-1

[Event "TCh-CRO Gp1B"]
[Site "Sibenik CRO"]
[Date "2010.09.10"]
[Round "7"]
[White "Dulic,G"]
[Black "Malenica,M"]
[Result "1/2-1/2"]
[WhiteElo "2243"]
[BlackElo "2225"]
[EventDate "2010.09.04"]

1. e4 d6 2. d4 Nf6 3. Nc3 g6 4. Nf3 Bg7 5. h3 O-O 6. Be3 a6 7. a4 Nc6 8. a5
e5 9. dxe5 dxe5 10. Bc4 Qe7 11. O-O Rd8 12. Qb1 Nd4 13. Ng5 Rf8 14. Qd1 h6
15. Nf3 Rd8 16. Nd5 Nxd5 17. exd5 Nf5 18. c3 Nxe3 19. fxe3 c6 20. Qb3 Bf5
21. Rae1 Rd7 22. e4 cxd5 23. Bxd5 Be6 24. Bxe6 fxe6 25. Rd1 Rad8 26. Rxd7
Rxd7 27. Kh1 Kh7 28. Rd1 Rxd1+ 29. Qxd1 Qc5 30. Qa1 Qc4 31. Qe1 Bf6 32. b4
Qd3 33. Kg1 h5 34. Nh4 Kg7 35. Kf2 Qc2+ 36. Kg1 Qd3 37. Kh2 Kh7 1/2-1/2

[Event "TCh-CRO Gp1B"]
[Site "Sibenik CRO"]
[Date "2010.09.10"]
[Round "7"]
[White "Mestrovic,Z"]
[Black "Gradiser,D"]
[Result "1-0"]
[WhiteElo "2379"]
[BlackElo "1966"]
[EventDate "2010.09.04"]

1. e4 e5 2. Nf3 Nc6 3. d4 exd4 4. c3 dxc3 5. Bc4 d6 6. Qb3 Qe7 7. Nxc3 Qd7
8. Ng5 Nh6 9. f4 Na5 10. Qb4 Nxc4 11. Qxc4 Be7 12. O-O O-O 13. Nd5 Bd8 14.
Ne3 c6 15. Rd1 Qc7 16. Rd3 Be7 17. e5 Bxg5 18. fxg5 Ng4 19. exd6 Qb6 20. h3
Ne5 21. Qc3 Ng6 22. b3 Re8 23. d7 Bxd7 24. Rxd7 Nf4 25. Kh2 Nd5 26. Nxd5
cxd5 27. Bb2 Qg6 28. Rf1 Rf8 29. Ba3 Rfd8 30. Rdxf7 Qxf7 31. Rxf7 Kxf7 32.
Qe3 d4 33. Qe7+ Kg6 34. Qe6+ Kh5 35. Qf7+ g6 36. Qf3+ 1-0

[Event "TCh-CRO Gp1B"]
[Site "Sibenik CRO"]
[Date "2010.09.10"]
[Round "7"]
[White "Biliskov,V"]
[Black "Tomljanovic,G"]
[Result "1-0"]
[WhiteElo "2296"]
[BlackElo "2121"]
[EventDate "2010.09.04"]

1. d4 g6 2. c4 Bg7 3. e4 d6 4. Nc3 Nf6 5. h3 O-O 6. Bg5 c6 7. Nf3 Nbd7 8.
Be2 e5 9. d5 c5 10. g4 a6 11. Nd2 Rb8 12. Qc2 h6 13. Be3 Qe7 14. h4 Ne8 15.
Nf1 Ndf6 16. Rg1 Nc7 17. g5 hxg5 18. hxg5 Nh7 19. a4 f6 20. gxf6 Qxf6 21.
Nh2 Bd7 22. Ng4 Bxg4 23. Rxg4 g5 24. Rg3 Kf7 25. O-O-O Rg8 26. Rf3 1-0

[Event "TCh-CRO Gp1B"]
[Site "Sibenik CRO"]
[Date "2010.09.10"]
[Round "7"]
[White "Saric,Ib"]
[Black "Georgiev,Ki"]
[Result "0-1"]
[WhiteElo "2565"]
[BlackElo "2685"]
[EventDate "2010.09.04"]

1. d4 Nf6 2. c4 e6 3. Nf3 d5 4. Nc3 dxc4 5. e3 a6 6. a4 c5 7. Bxc4 Nc6 8.
O-O Be7 9. Qe2 O-O 10. Rd1 Qc7 11. h3 Rd8 12. d5 exd5 13. Bxd5 Nb4 14. e4
Nfxd5 15. Nxd5 Nxd5 16. exd5 Bf5 17. Be3 b6 18. Rac1 Qb7 19. a5 bxa5 20.
Bxc5 Bf6 21. Bd4 Bxd4 22. Nxd4 Rxd5 23. Nxf5 Rxf5 24. Rd2 Rf8 25. Rc3 g6
26. Re3 Qb5 27. Rd6 Qxe2 28. Rxe2 Ra8 29. h4 Ra7 30. g3 Kg7 31. Kg2 h5 32.
Kg1 Rb5 33. Kg2 a4 34. Rd4 Ra5 35. Rd3 Rb7 36. Ra3 Rb4 37. Rc2 Rab5 38. Ra2
a5 39. Re2 Kf6 40. Kf1 Rc5 41. Ra3 Kg7 42. Rf3 Rb3 43. Rf4 Rb4 44. Rf3 Rc7
45. Re8 Ra7 46. Ra3 Kf6 47. Re2 Rab7 48. Rf3+ Kg7 49. Re5 R4b5 50. Re4 Rb3
51. Kg2 Rxf3 52. Kxf3 Rb3+ 53. Kg2 Rxb2 54. Rxa4 Rb5 55. Rc4 Rb6 56. Ra4
Ra6 57. Kf3 f5 58. Ke3 Kf6 59. Kd4 Rd6+ 60. Ke3 Rd5 61. Rc4 Re5+ 62. Kf3
Re6 63. Ra4 Ra6 64. Ke3 Ke5 65. f3 Kd5 66. Kd3 Kc5 67. Kc3 Kb5 68. Rf4 Rc6+
69. Kb3 Kc5 70. Ra4 Kd5 71. g4 Rc5 72. g5 Ke5 73. f4+ Kd5 74. Kb2 Rc6 75.
Kb3 Re6 76. Kc2 Ra6 77. Kb3 Ra8 78. Kc3 Ra7 79. Kb3 Rc7 80. Kb2 Rc5 81. Kb3
Kc6 82. Kb2 Kb5 83. Rd4 Rc4 84. Rd6 Rxf4 85. Rxg6 Rxh4 86. Rf6 f4 87. g6
Rg4 88. g7 Rxg7 89. Rf5+ Kc4 90. Rxf4+ Kd3 91. Rf5 Rh7 92. Rxa5 h4 93. Ra3+
Ke2 0-1

[Event "TCh-CRO Gp1B"]
[Site "Sibenik CRO"]
[Date "2010.09.10"]
[Round "7"]
[White "Tratar,M"]
[Black "Berczes,D"]
[Result "0-1"]
[WhiteElo "2475"]
[BlackElo "2520"]
[EventDate "2010.09.04"]

1. d4 d5 2. c4 c6 3. Nf3 Nf6 4. e3 e6 5. Nc3 Nbd7 6. Qc2 Bd6 7. Bd3 O-O 8.
O-O dxc4 9. Bxc4 b5 10. Be2 Bb7 11. Rd1 Qc7 12. e4 e5 13. g3 Rfe8 14. dxe5
Nxe5 15. Bg5 Neg4 16. Nd4 Bc5 17. Bxf6 Nxf6 18. Bf3 Qe5 19. Nde2 Bb6 20. a3
Bc8 21. Nf4 Bg4 22. Bxg4 Nxg4 23. Rd2 h5 24. Re1 h4 25. Kg2 Rad8 26. Rde2
Rd6 27. f3 Nxh2 28. Rd2 Rf6 29. Nce2 hxg3 0-1

[Event "TCh-CRO Gp1B"]
[Site "Sibenik CRO"]
[Date "2010.09.10"]
[Round "7"]
[White "Brulic,D"]
[Black "Dimitrijevic,Da"]
[Result "1-0"]
[WhiteElo "2331"]
[BlackElo "2262"]
[EventDate "2010.09.04"]

1. d4 d5 2. c4 c6 3. Nf3 f5 4. g3 Nf6 5. Bg2 Be6 6. cxd5 Bxd5 7. Nc3 e6 8.
O-O Bd6 9. Qc2 O-O 10. Ng5 Qd7 11. f3 h6 12. Nh3 e5 13. dxe5 Bxe5 14. Rd1
Bxc3 15. bxc3 Qc8 16. Nf4 Bf7 17. Bh3 Rd8 18. Rxd8+ Qxd8 19. Bxf5 Qb6+ 20.
Kg2 Nbd7 21. Be6 Bxe6 22. Nxe6 Re8 23. Nd4 c5 24. Nf5 Qe6 25. e4 c4 26. Be3
Ne5 27. Nd4 Qd7 28. a4 Nd3 29. Qa2 Qf7 30. Nb5 Qe6 31. Nc7 Qc6 32. Nxe8
Nxe4 33. fxe4 Qxe4+ 34. Kf1 Qxe3 35. Qxc4+ Kf8 36. Qd4 Qf3+ 37. Kg1 Kxe8
38. Rf1 Qe2 39. Qxa7 Qe4 40. Qb8+ Ke7 41. Qf8+ 1-0

[Event "TCh-CRO Gp1B"]
[Site "Sibenik CRO"]
[Date "2010.09.10"]
[Round "7"]
[White "Franic,M"]
[Black "Susak,Z"]
[Result "1-0"]
[WhiteElo "2382"]
[BlackElo "2214"]
[EventDate "2010.09.04"]

1. d4 Nf6 2. Nf3 e6 3. c4 Bb4+ 4. Bd2 a5 5. g3 d6 6. Bg2 Nbd7 7. O-O e5 8.
Bg5 exd4 9. Nxd4 O-O 10. a3 Bc5 11. Nc3 h6 12. Be3 Ne5 13. b3 c6 14. h3 Qe7
15. Nc2 a4 16. b4 Bxe3 17. Nxe3 Be6 18. Qd4 Rfd8 19. Rfd1 Ng6 20. f4 Bc8
21. Nf1 Nf8 22. Kh2 Ne6 23. Qd3 Nc7 24. e4 Be6 25. Ne3 h5 26. Bf3 Nce8 27.
Rd2 g6 28. Rad1 Ng7 29. Ne2 Bc8 30. c5 Nfe8 31. Qc3 Be6 32. Nd4 dxc5 33.
bxc5 Nf6 34. Qb4 Rdb8 35. Rb2 Nd7 36. Rc1 f6 37. Qc3 Bf7 38. Rd2 Rd8 39.
Qb4 Rdb8 40. Nd1 g5 41. Ne3 Bg6 42. Nef5 Bxf5 43. Nxf5 Nxf5 44. exf5 h4 45.
Qc4+ Kh8 46. Qe6 hxg3+ 47. Kg2 Qxe6 48. fxe6 Nf8 49. f5 Re8 50. Rd6 Ra5 51.
Be2 Re7 52. Kxg3 Kg7 53. Rc3 Kh6 54. Kf2 Kg7 55. Ke3 Kh6 56. Kd4 Ra8 57.
Rc4 Nh7 58. Bg4 Nf8 59. Rb4 Kg7 60. Bd1 Kh6 61. Rxa4 Rxa4+ 62. Bxa4 Kh5 63.
Bd1+ Kh4 1-0

[Event "TCh-CRO Gp1B"]
[Site "Sibenik CRO"]
[Date "2010.09.10"]
[Round "7"]
[White "Ivic,Mat"]
[Black "Doric,N"]
[Result "1/2-1/2"]
[WhiteElo "2272"]
[BlackElo "2325"]
[EventDate "2010.09.04"]

1. e4 c5 2. Nf3 d6 3. d4 cxd4 4. Nxd4 Nf6 5. Nc3 a6 6. Bg5 e6 7. f4 Be7 8.
Qf3 Qc7 9. O-O-O Nbd7 10. Bd3 h6 11. Bh4 g5 12. fxg5 Ne5 13. Qe2 Nfg4 14.
h3 hxg5 15. Bg3 Nf6 16. Nf3 Nh5 17. Bh2 Bd7 18. Rhf1 Bf6 19. Qe3 g4 20.
Nxe5 Bxe5 21. Bxe5 dxe5 22. hxg4 Nf4 23. g3 Ng6 24. Qg5 Qd8 25. Rf6 Qe7 26.
Rdf1 Rh7 27. Qe3 O-O-O 28. Qb6 Rdh8 29. Bxa6 bxa6 30. Qxa6+ Kb8 31. Qb6+
Kc8 32. Qa6+ Kb8 33. Nd5 Qc5 34. Nb6 Bc6 35. R6f3 Rh1 36. Rxf7 Rxf1+ 37.
Rxf1 Ne7 38. b3 Qd4 39. Kb1 Bb7 40. Qb5 Bc6 41. Qa5 Bxe4 42. Nc4 Nd5 43.
Qb5+ Ka8 44. Qc6+ Kb8 45. Qb5+ Ka8 46. Qc6+ 1/2-1/2

[Event "TCh-CRO Gp1B"]
[Site "Sibenik CRO"]
[Date "2010.09.10"]
[Round "7"]
[White "Valkovic,K"]
[Black "Curic,D"]
[Result "0-1"]
[WhiteElo "2045"]
[BlackElo "2245"]
[EventDate "2010.09.04"]

1. d4 Nf6 2. Nf3 g6 3. Bf4 Bg7 4. e3 O-O 5. c4 d6 6. Nc3 c6 7. Be2 Nfd7 8.
O-O h6 9. Qc2 e5 10. dxe5 dxe5 11. Bg3 Qe7 12. Nd2 f5 13. f3 a5 14. Rfd1
Nc5 15. Nb3 Nba6 16. Nxc5 Nxc5 17. Na4 Ne6 18. c5 f4 19. Bf2 fxe3 20. Bxe3
Nd4 21. Bc4+ Kh7 22. Bxd4 exd4 23. Bd3 Bf5 24. Re1 Qg5 25. b3 Rae8 26. Bxf5
Rxe1+ 27. Rxe1 Rxf5 28. Qd3 h5 29. Nb2 Rxc5 30. Nc4 h4 31. Re4 b5 32. Nd2
Rc3 33. Qe2 Rc2 34. f4 Qc5 35. Kh1 Qc3 36. f5 Qa1+ 37. Qf1 Rc1 0-1

[Event "TCh-CRO Gp1B"]
[Site "Sibenik CRO"]
[Date "2010.09.11"]
[Round "8"]
[White "Erdos,V"]
[Black "Georgiev,Ki"]
[Result "1/2-1/2"]
[WhiteElo "2576"]
[BlackElo "2685"]
[EventDate "2010.09.04"]

1. d4 Nf6 2. c4 e6 3. Nc3 Bb4 4. Qc2 O-O 5. a3 Bxc3+ 6. Qxc3 d5 7. Nf3 dxc4
8. Qxc4 b6 9. Bg5 Ba6 10. Qa4 c5 11. dxc5 bxc5 12. Rd1 Qb6 13. Bxf6 gxf6
14. Rd2 Nc6 15. Qg4+ 1/2-1/2

[Event "TCh-CRO Gp1B"]
[Site "Sibenik CRO"]
[Date "2010.09.11"]
[Round "8"]
[White "Tratar,M"]
[Black "Gonda,L"]
[Result "0-1"]
[WhiteElo "2475"]
[BlackElo "2550"]
[EventDate "2010.09.04"]

1. Nf3 d5 2. d4 Nf6 3. c4 c6 4. e3 e6 5. b3 Nbd7 6. Bb2 Bb4+ 7. Nbd2 Ne4 8.
a3 Bd6 9. Nxe4 dxe4 10. Nd2 f5 11. b4 O-O 12. Qb3 Kh8 13. g3 Qe7 14. Bg2 e5
15. c5 Bc7 16. Nc4 f4 17. O-O-O f3 18. Bf1 a5 19. b5 cxb5 20. Qxb5 exd4 21.
exd4 b6 22. c6 Ba6 23. Qb3 Nf6 24. Ne3 b5 25. Bh3 a4 26. Qc3 Bb6 27. d5 Qa7
28. d6 b4 29. axb4 Bd3 30. Rxd3 exd3 31. Qxd3 a3 32. Ba1 a2 33. Rd1 Rab8
34. c7 Bxc7 35. dxc7 Qxc7+ 36. Qc3 Qxc3+ 37. Bxc3 Ne4 38. Kb2 Nxf2 39. Rd7
Nxh3 40. Rxg7 Rfc8 41. Bf6 Rxb4+ 42. Kxa2 Rc6 43. Rg6+ Rxf6 44. Rxf6 f2 45.
g4 Re4 46. Nf1 Rxg4 47. Ng3 Nf4 48. Nf1 Kg7 49. Rc6 Rg1 50. Rc1 Nd3 0-1

[Event "TCh-CRO Gp1B"]
[Site "Sibenik CRO"]
[Date "2010.09.11"]
[Round "8"]
[White "Franic,M"]
[Black "Srbis,J"]
[Result "1-0"]
[WhiteElo "2382"]
[BlackElo "2277"]
[EventDate "2010.09.04"]

1. d4 Nf6 2. c4 e6 3. Nc3 c5 4. d5 exd5 5. cxd5 d6 6. e4 g6 7. Bf4 Bg7 8.
Nf3 O-O 9. Be2 a6 10. a4 Bg4 11. O-O Bxf3 12. Bxf3 Ne8 13. Qb3 Qc7 14. Be2
Nd7 15. a5 Rb8 16. Qc2 Bd4 17. Kh1 Nef6 18. Bh6 Rfe8 19. f3 Qd8 20. Bg5 Qc7
21. Nd1 Re5 22. Bf4 Re7 23. Ra4 Nh5 24. Bg5 Bf6 25. Bd2 b5 26. axb6 Nxb6
27. Rxa6 Qb7 28. g4 Ng7 29. Ba5 Nc8 30. Bd8 Ne8 31. Bxe7 Qxe7 32. b3 Bd4
33. Bc4 Qh4 34. Qe2 Nb6 35. Ra7 Nf6 36. Qg2 Nxc4 37. bxc4 Rb1 38. g5 Nh5
39. Qg4 Qxg4 40. fxg4 Nf4 41. Rxf4 Rxd1+ 42. Kg2 Rd2+ 43. Kf1 Rxh2 44.
Raxf7 Rh1+ 45. Kg2 1-0

[Event "TCh-CRO Gp1B"]
[Site "Sibenik CRO"]
[Date "2010.09.11"]
[Round "8"]
[White "Ciganovic,N"]
[Black "Vujec,I"]
[Result "1-0"]
[WhiteElo "2270"]
[BlackElo "2037"]
[EventDate "2010.09.04"]

1. e4 c6 2. d4 d5 3. Nd2 dxe4 4. Nxe4 Nf6 5. Nxf6+ gxf6 6. c3 Bf5 7. Nf3
Qc7 8. g3 Nd7 9. Bg2 e6 10. O-O O-O-O 11. Qe2 Bg4 12. b4 f5 13. Re1 Nf6 14.
Bg5 Be7 15. Qe5 Bxf3 16. Bxf3 Qxe5 17. Rxe5 Nd5 18. Bxe7 Nxe7 19. b5 Kc7
20. bxc6 Nxc6 21. Rc5 Rd6 22. d5 exd5 23. Rxd5 Rxd5 24. Bxd5 f6 25. Re1 Ne5
26. f4 Nd3 27. Re6 Rf8 28. Bc4 Kd7 29. Re2 Nc5 30. Bb5+ Kd6 31. Rd2+ Ke7
32. Rd5 b6 33. Kg2 Kf7 34. Rxf5 Rd8 35. Bc4+ Kg7 36. Rd5 Re8 37. Kf2 Re7
38. Kf3 Na4 39. Rd3 Rc7 40. Rd4 Nxc3 41. f5 b5 42. Be6 a5 43. Rd8 b4 44. g4
h6 45. h4 a4 46. Rg8+ Kh7 47. g5 hxg5 48. hxg5 fxg5 49. f6 Nb5 50. Kg4 Nd6
51. Bd5 Rc5 52. Rxg5 Rc7 53. Kh5 b3 54. axb3 axb3 55. Bxb3 Ne4 56. f7 Nf6+
57. Kh4 Rc8 58. Bc2+ Kh8 59. Rg6 Nd7 60. Bf5 Rf8 1-0

[Event "TCh-CRO Gp1B"]
[Site "Sibenik CRO"]
[Date "2010.09.11"]
[Round "8"]
[White "Sax,G"]
[Black "Saric,Ib"]
[Result "1/2-1/2"]
[WhiteElo "2529"]
[BlackElo "2565"]
[EventDate "2010.09.04"]

1. e4 e5 2. Nc3 Nc6 3. g3 Bc5 4. Bg2 d6 5. d3 a6 6. Nge2 h5 7. h3 Nge7 8.
O-O Ng8 9. Nd5 Nd4 10. Nxd4 Bxd4 11. c3 Ba7 12. d4 Be6 13. Ne3 Qf6 14. Nd5
Bxd5 15. dxe5 dxe5 16. Qxd5 c6 17. Qb3 O-O-O 18. Be3 Kb8 19. Bxa7+ Kxa7 20.
Rad1 Nh6 21. Qb4 h4 22. Qc5+ Ka8 23. Qe3 g5 24. g4 Qe7 25. Bf3 f6 26. Be2
Nf7 27. Qb6 Rxd1 28. Rxd1 Rd8 29. Rxd8+ Qxd8 30. Qxd8+ Nxd8 31. Bc4 b5 32.
Bg8 Nb7 33. b4 a5 34. a3 Ka7 35. f3 c5 36. Kf2 Kb6 37. Ke3 Nd6 38. Kd3 Nc8
39. Bf7 Nd6 40. Be6 Ne8 41. Bd7 Nc7 42. Kc2 Na6 43. Kb3 cxb4 1/2-1/2

[Event "TCh-CRO Gp1B"]
[Site "Sibenik CRO"]
[Date "2010.09.11"]
[Round "8"]
[White "Berczes,D"]
[Black "Rezan,S"]
[Result "1/2-1/2"]
[WhiteElo "2520"]
[BlackElo "2428"]
[EventDate "2010.09.04"]

1. d4 Nf6 2. c4 g6 3. Nf3 Bg7 4. g3 O-O 5. Bg2 d6 6. Nc3 c6 7. O-O Bf5 8.
Nh4 Be6 9. b3 d5 10. cxd5 cxd5 11. Ba3 Nc6 12. e3 Qd7 13. Nf3 Bg4 14. Qd3
Bxf3 15. Bxf3 Rfc8 16. Bg2 e6 17. Rfc1 Bf8 18. Bxf8 Kxf8 19. Na4 b6 20. Qd2
Ne7 21. Nb2 Rxc1+ 22. Rxc1 Rc8 23. Nd3 Rxc1+ 24. Qxc1 Qd6 25. Qc3 Nd7 26.
b4 a6 27. Bf1 Nc6 28. a4 a5 1/2-1/2

[Event "TCh-CRO Gp1B"]
[Site "Sibenik CRO"]
[Date "2010.09.11"]
[Round "8"]
[White "Rogulj,B"]
[Black "Brulic,D"]
[Result "1/2-1/2"]
[WhiteElo "2412"]
[BlackElo "2331"]
[EventDate "2010.09.04"]

1. e4 c6 2. d4 d5 3. exd5 cxd5 4. c4 Nf6 5. Nc3 Nc6 6. Bg5 Be6 7. a3 h6 8.
Bxf6 gxf6 9. Nf3 Qd7 10. c5 Bg4 11. Be2 a5 12. O-O Bg7 13. h3 Bh5 14. Qa4
O-O 15. Rad1 Kh8 16. Rfe1 e6 17. Nh4 Bxe2 18. Rxe2 f5 19. Nf3 Rg8 20. Rd3
Bf6 21. Qd1 Rg7 22. Qd2 Kh7 23. Nb5 Nb4 24. axb4 Qxb5 25. bxa5 Rxa5 26. Ra3
Rxa3 27. bxa3 b6 28. cxb6 Qxb6 29. Qb4 Qc7 30. Qb3 Qf4 31. Qe3 Qe4 32. Kf1
Rg8 33. Qc3 Qb1+ 34. Re1 Qb5+ 35. Kg1 Qc4 36. Qxc4 dxc4 37. Rc1 Ra8 38. Rc3
Be7 39. Ne5 Bxa3 40. Rxc4 Bd6 41. Kf1 Bxe5 42. dxe5 Ra5 1/2-1/2

[Event "TCh-CRO Gp1B"]
[Site "Sibenik CRO"]
[Date "2010.09.11"]
[Round "8"]
[White "Ivic,Mat"]
[Black "Mestrovic,Z"]
[Result "1/2-1/2"]
[WhiteElo "2272"]
[BlackElo "2379"]
[EventDate "2010.09.04"]

1. e4 d6 2. d4 Nf6 3. Nc3 Bg4 4. f3 Bd7 5. Bc4 e5 6. Nge2 Nc6 7. Be3 g6 8.
Qd2 Bg7 9. O-O-O O-O 10. g4 a6 11. Bd3 b5 12. d5 Ne7 13. Ng3 a5 14. a4 b4
15. Nce2 Qe8 16. g5 Nh5 17. Nxh5 gxh5 18. Ng3 f5 19. gxf6 Rxf6 20. Bg5 Rxf3
21. Qg2 Bg4 22. Rdg1 Qf7 23. Rf1 h4 24. Nf5 Nxf5 25. Rxf3 Bxf3 26. Qxf3 Nd4
27. Qxf7+ Kxf7 28. Bc4 Kg6 29. Bxh4 Nf3 30. Bg3 Bh6+ 31. Kd1 Bf4 32. Be2
Ng5 33. Bh4 Kh6 34. Bxg5+ Kxg5 35. h4+ Kf6 1/2-1/2

[Event "TCh-CRO Gp1B"]
[Site "Sibenik CRO"]
[Date "2010.09.11"]
[Round "8"]
[White "Paljusaj,E"]
[Black "Katavic,B"]
[Result "1-0"]
[WhiteElo "2309"]
[BlackElo "2221"]
[EventDate "2010.09.04"]

1. e4 c5 2. Nf3 e6 3. d4 cxd4 4. Nxd4 Bc5 5. Nb3 Be7 6. Bd3 Nc6 7. Nc3 Nf6
8. f4 d6 9. Qf3 Nb4 10. O-O Nxd3 11. cxd3 O-O 12. d4 Bd7 13. e5 Bc6 14.
exf6 Bxf3 15. fxe7 Qxe7 16. Rxf3 f5 17. Bd2 Qd7 18. Re1 Rfe8 19. Rfe3 Kf7
20. Kf2 b5 21. d5 exd5 22. Nd4 Rxe3 23. Rxe3 a6 24. Nxd5 Re8 25. h3 Rxe3
26. Nxe3 g6 27. g4 Qa7 28. Nf3 fxg4 29. hxg4 h6 30. Bc3 Qb7 31. f5 Qe4 32.
f6 b4 33. Bd4 a5 34. Nc4 Qd5 35. b3 Ke6 36. Ke3 Kf7 37. Nfd2 Qe6+ 38. Ne4
Qxg4 39. Ncxd6+ Kf8 40. Bc5 Qh3+ 41. Kd4 Qd7 42. Ke5 Qc7 43. Ke6 Qc6 44. f7
Qa6 45. Nf6 Kg7 46. Nfe8+ Kf8 47. Nc7 Qc6 48. Kf6 1-0

[Event "TCh-CRO Gp1B"]
[Site "Sibenik CRO"]
[Date "2010.09.11"]
[Round "8"]
[White "Curic,D"]
[Black "Biliskov,V"]
[Result "1/2-1/2"]
[WhiteElo "2245"]
[BlackElo "2296"]
[EventDate "2010.09.04"]

1. b3 b6 2. Bb2 Bb7 3. Nf3 Nf6 4. e3 e6 5. Be2 Be7 6. O-O O-O 7. d3 d5 8.
Nbd2 c5 9. Ne5 Nc6 10. f4 Nxe5 11. Bxe5 Nd7 12. Bb2 Qc7 13. Qe1 Bf6 14.
Bxf6 Nxf6 15. Qg3 Rfc8 16. Nf3 d4 17. Ne5 Nd5 18. e4 Ne3 19. Ng4 Nxf1 20.
Rxf1 Kh8 21. e5 Qe7 22. Bf3 Bxf3 23. Rxf3 a5 24. a4 Ra7 25. Qe1 f5 26. exf6
gxf6 27. Qh4 f5 28. Qxe7 Rxe7 29. Ne5 Rb7 30. Rf1 Kg7 31. Re1 Kf6 32. Nc4
Ra8 33. Re2 h5 34. Re1 Rg8 35. Kf2 Rbg7 36. Rg1 Rb8 37. Re1 Ke7 38. Kf3 Kd7
39. Ne5+ Kc7 40. Nc4 Re7 41. Re5 Kc6 42. Na3 Kd7 43. Kf2 Rg7 1/2-1/2

[Event "TCh-CRO Gp1B"]
[Site "Sibenik CRO"]
[Date "2010.09.11"]
[Round "8"]
[White "Gradiser,D"]
[Black "Sasvari,Z"]
[Result "0-1"]
[WhiteElo "1966"]
[BlackElo "2225"]
[EventDate "2010.09.04"]

1. e4 c5 2. Nf3 Nc6 3. d4 cxd4 4. Nxd4 g6 5. Bc4 Bg7 6. c3 Qc7 7. O-O Nxd4
8. Bxf7+ Kxf7 9. cxd4 d6 10. Nc3 e6 11. f4 Ne7 12. Be3 Rf8 13. Rc1 Qa5 14.
Rc2 Kg8 15. Rcf2 b5 16. a3 b4 17. axb4 Qxb4 18. h4 Ba6 19. Re1 d5 20. Qg4
Qd6 21. h5 Bd3 22. hxg6 hxg6 23. Rf3 Bxe4 24. Nxe4 dxe4 25. Rh3 Rf5 26. Rd1
Rb8 27. Rd2 Rb3 28. Qd1 Rfb5 29. Qb1 Qd5 30. f5 Nxf5 31. Qc2 Qd7 32. Qxe4
Rxe3 33. Rxe3 Nxe3 34. Qxe3 Rxb2 35. Rd1 Qd5 36. Qh3 a5 37. Qg4 Qf5 38.
Qxf5 exf5 39. d5 Kf8 40. d6 Rb8 41. Rd3 a4 42. d7 Ke7 43. Ra3 Ra8 44. Kf2
Kxd7 45. Kf3 Bf8 46. Ra2 Bd6 47. g4 a3 48. gxf5 gxf5 0-1

[Event "TCh-CRO Gp1B"]
[Site "Sibenik CRO"]
[Date "2010.09.11"]
[Round "8"]
[White "Tomljanovic,G"]
[Black "Vinkovic,T"]
[Result "0-1"]
[WhiteElo "2121"]
[BlackElo "1922"]
[EventDate "2010.09.04"]

1. d4 Nf6 2. c4 c5 3. d5 d6 4. Nc3 g6 5. e4 Bg7 6. f4 O-O 7. Nf3 e6 8. Be2
exd5 9. exd5 Re8 10. O-O Na6 11. h3 Nc7 12. Qc2 Bd7 13. Rd1 Rb8 14. Rb1 b5
15. Bd3 bxc4 16. Bxc4 Rb4 17. b3 Bf5 18. Bd3 Bxd3 19. Qxd3 Ne4 20. Ne2 Nf6
21. Bd2 Rb7 22. Nc3 Qd7 23. Kh2 h5 24. Nh4 Rb4 25. g3 Rd4 26. Qf3 Ncxd5 27.
Nxd5 Nxd5 28. f5 Kh7 29. Bg5 Nc3 30. Rxd4 Bxd4 31. Rf1 Re2+ 32. Kh1 Ne4 33.
Bf4 Nf2+ 34. Rxf2 Rxf2 35. Qe4 Kg7 36. g4 Qb5 0-1

[Event "TCh-CRO Gp1B"]
[Site "Sibenik CRO"]
[Date "2010.09.11"]
[Round "8"]
[White "Brnas,A"]
[Black "Grgurevic,B"]
[Result "1/2-1/2"]
[WhiteElo "2281"]
[BlackElo "2219"]
[EventDate "2010.09.04"]

1. e4 e5 2. Nf3 Nc6 3. Bb5 a6 4. Ba4 Nf6 5. O-O Be7 6. Re1 b5 7. Bb3 d6 8.
c3 Na5 9. Bc2 c5 10. h3 O-O 11. d4 Qc7 12. Nbd2 Bd7 13. d5 Nb7 14. b3 a5
15. c4 b4 16. a4 1/2-1/2

[Event "TCh-CRO Gp1B"]
[Site "Sibenik CRO"]
[Date "2010.09.11"]
[Round "8"]
[White "Chatalbashev,B"]
[Black "Ljubicic,F"]
[Result "1-0"]
[WhiteElo "2606"]
[BlackElo "2380"]
[EventDate "2010.09.04"]

1. d4 d5 2. c4 e6 3. Nc3 Nf6 4. cxd5 exd5 5. Bg5 c6 6. e3 Nbd7 7. Bd3 Be7
8. Qc2 Nf8 9. O-O-O Ne6 10. Bxf6 Bxf6 11. f4 g6 12. g4 Ng7 13. f5 gxf5 14.
gxf5 Qe7 15. e4 dxe4 16. Bxe4 Bd7 17. Nf3 O-O-O 18. Rhe1 Qd6 19. Kb1 Kb8
20. Ne5 Bxe5 21. dxe5 Qxe5 22. Bxc6 Bxf5 23. Rxd8+ Rxd8 24. Rxe5 Bxc2+ 25.
Kxc2 bxc6 26. Re7 Rf8 27. Ne4 Nf5 28. Rd7 Ne3+ 29. Kd3 Ng4 30. Nc5 Nxh2 31.
Na6+ Ka8 32. Nb4 Rc8 33. Rxf7 h5 34. Kc4 Ng4 35. Kc5 h4 36. Re7 1-0

[Event "TCh-CRO Gp1B"]
[Site "Sibenik CRO"]
[Date "2010.09.11"]
[Round "8"]
[White "Sale,S"]
[Black "Georgiev,Vl"]
[Result "0-1"]
[WhiteElo "2400"]
[BlackElo "2573"]
[EventDate "2010.09.04"]

1. e4 e5 2. Nf3 Nc6 3. Bb5 a6 4. Bxc6 dxc6 5. O-O Qf6 6. d4 exd4 7. Bg5 Qd6
8. Nxd4 Bd7 9. Nc3 Ne7 10. Nb3 Qxd1 11. Raxd1 b6 12. Rd2 O-O-O 13. Rfd1 f6
14. Be3 Ng6 15. Nd4 Bb4 16. Nde2 Ne5 17. b3 Ng4 18. Bf4 g5 19. Bg3 h5 20.
h4 Rh7 21. Rd3 Re8 22. Kf1 Rf7 23. f3 gxh4 24. Bxh4 Ne5 25. R3d2 Rg8 26.
Ra1 f5 27. exf5 Rxf5 28. Rxd7 Nxd7 29. Ne4 Rf7 30. Nd4 Kb7 31. Rd1 Be7 32.
Bxe7 Rxe7 33. Nf5 Rh7 34. Kf2 c5 35. c4 Rg6 36. Rh1 Nf6 37. Nxf6 Rxf6 38.
g4 hxg4 39. Rxh7 Rxf5 40. Rg7 Rxf3+ 41. Kg2 Rd3 42. Rxg4 Rd2+ 43. Kf3 Rxa2
0-1